000 01692nam a2200565 a 4500
001 20006
003 VRT
005 20260113153549.0
008 130916s2013 xo oa g n 000 u slo d
015 _aSNBA2013/09
020 _a9788007021549 (viaz.)
035 _aa000485004
039 9 _a201310310929
_bzima
_c201310160854
_djakubcova
_c201310151115
_dmichal
_c201309161344
_dedita
040 _aSKPK
_bslo
_cUKB
_dSNK
_eAACR2
041 1 _aslo
_hcze
044 _axo
_cSK
072 7 _a613
_xHygiena. Ľudské zdravie
_2konspekt
080 _a615.874.2
_22001
080 _a616.1/.9
_22001
080 _a616-084
_22001
080 _a(035)
_22001
080 _a613.2.03
_22001
100 1 _aMandžuková, Jarmila,
_d1959-
240 1 0 _aCo nejíst, když-.
_lSlovensky
245 1 0 _aČo nejesť, keď-
_bpraktický domáci lekár
_cJarmila Mandžuková ; [z českého originálu preložila Ľubica Janeva]
250 _a1. vyd.
260 _aBratislava
_bPríroda
_c2013
300 _a135 s.
_bil.
504 _aBibliogr. s. 135
650 0 7 _adietoterapia
_2UKBPH
650 0 7 _achoroby
_2UKBPH
650 0 7 _astarostlivosť o zdravie
_2UKBPH
650 0 7 _aprevencia ochorení
_2UKBPH
653 _a615.874..2
653 _a616.1/.9
653 _a616-084
653 _a613..03
653 _a(035)
655 7 _apríručky
_2UKBPH
700 1 _aJaneva, Ľubica,
_d1965-
_4trl
910 _askpk
910 _asvkbb
910 _asllk
910 _asnk
910 _aukb
942 _2ddc
_cOLDO
_n0
949 _61800593027
_a33.D.25021
_bKD.956-2013
949 _61800592289
_aSL.D.93415
_bPV.10715-2013
949 _61800592290
_aSK.D.61046
_bPV.10716-2013
_s6707:20131104
999 _c20006
_d20006